000 00684cam a2200253 4500
001 J720
008 090401t1963 xxu||||| |||| 00| 0 eng d
035 _a(Sirsi) u76433
041 _aeng
050 _a692.5
100 _aClarke, Albert H.
245 _aOperational bills for the erection of a youth club at Withywood, Bristol.
260 _c1963
300 _a1v.(loose-leaf) ; 30cm.
350 _a0
650 _aBILLS OF QUANTITIES
650 _aYOUTH CLUBS
690 _aQuantity surveying
_96263
710 _aMinistry of Education
_9582
710 _aBuilding Research Station
_9203
710 _aBristol City Council
_91528
942 _n0
948 _c04/03/1997
999 _c96173
_d96173